Where am I?? #7 - Statistics

General Stats
  • This quiz has been taken 59 times
  • The average score is 5 of 6
Answer Stats
Instructions Answer Hint % Correct
Say 1 to receive your hint! 1 Not a capital city of a country.
100%
Say 2 to receive your hint! 2 The city starts with an S-
100%
Say 3 to receive your hint! 3 Islamic country.
100%
Say 4 to receive your hint! 4 Ok, everything speaks in Farsi.
100%
Say 5 to receive your hint! 5 The city ends with -z.
98%
Name the city! Shiraz
21%
No matching quizzes found
Score Distribution
Percent of People with Each Score
Percentile by Number Answered
Your Score History
You have not taken this quiz